Bilecik Bilecik Bilecik Bilecik Bilecik

Bilecik'te örtüaltı yetiştiriciliği 28 Ocak 2014 Bilecik/ (Record no. 46328)

MARC details
000 -BAŞLIK
Sabit Uzunluktaki Kontrol Alanı 01129nam a22003017a 4500
001 - KONTROL NUMARASI
Control Dosyası 0046362
003 - KONTROL NUMARASI KİMLİĞİ
Kontrol Alanı KOHA_MİRAKIL
005 - EN SON İŞLEM TARİHİ ve ZAMANI
Kontrol Alanı 20260207003517.0
007 - FİZİKSEL TANIM SABİT ALAN - GENEL BİLGİ
Sabit uzunluklu kontrol alanı ta
008 - SABİT UZUNLUKTAKİ VERİ ÖGELERİ - GENEL BİLGİ
Sabit Alan 141027b2014 tu |||gro|||#1|||0|tur |
020 ## - ISBN - ULUSLARARASI STANDART KİTAP NUMARASI
Isbn 9786056157196
040 ## - KATALOGLAMA KAYNAĞI
Özgün Kataloglama Kurumu TR-BiSEU
Kataloglama Dili tur
Çeviri Kurumu TR-BiSEU
Açıklama Kuralları rda
041 0# - DİL KODU
Metin ya da ses kaydının dil kodu tur
044 ## - YAYINLAYAN/ÜRETEN KURULUŞUN ÜLKE KODU
ISO country code tu
050 ## - SINIFLAMA ve YER NUMARASI
Sınıflama Numarası SB416.3
Yer Numarası .B55 2014
111 2# - TOPLANTI ADI
Toplantı Adı Bilecik'te örtüaltı yetiştiriciliği
9 (RLIN) 85476
245 1# - ESER ADI BİLDİRİMİ
Başlık Bilecik'te örtüaltı yetiştiriciliği 28 Ocak 2014 Bilecik/
Sorumluluk Bildirimi yayına hazırlayan Ahmet Tuna Cömert, Kutalmış Turhal.
264 #1 - ÜRERİM, YAYIN, DAĞITIM ve TELİF BİLDİRİMİ
Yayın yeri Bilecik :
Yayınlayan Bilecik Şeyh Edebali Üniversitesi
Yayın tarihi 2014
300 ## - FİZİKSEL TANIMLAMA
Sayfa, Cilt vb. 116 sayfa: resimli; 23 cm.
336 ## - İÇERİK TÜRÜ
Content type term metin
Content type code txt
Source rdacontent
337 ## - MEDYA TÜRÜ
Media type term aracısız
Media type code n
Source rdamedia
338 ## - TAŞIYICI TÜRÜ
Carrier type term cilt
Carrier type code nc
Source rdacarrier
490 1# - DİZİ BİLDİRİMİ
Dizi Bildirimi Bilecik Şeyh Edebali Üniversitesi Yayınları Sempozyum ve Konferans Serisi ;
Cilt Numarası 7
650 #0 - KONU BAŞLIĞI EK GİRİŞ - KONU TERİMİ
Konusal terim veya coğrafi ad Seracılık.
9 (RLIN) 25360
650 #0 - KONU BAŞLIĞI EK GİRİŞ - KONU TERİMİ
Konusal terim veya coğrafi ad Sebze yetiştiriciliği--Örtüaltı sebze yetiştiriciliği.
9 (RLIN) 85477
830 1# - SERİ EK GİRİŞİ - TEKBİÇİM ESER ADI
Tekbiçim Başlık Bilecik Şeyh Edebali Üniversitesi Yayınları Sempozyum ve Konferans Serisi ;
Volume number/sequential designation 7
9 (RLIN) 85478
942 ## - EK GİRİŞ ÖGELERİ (KOHA)
Source of classification or shelving scheme Library of Congress Classification
Koha item type Book
Holdings
Materyal Türü Kalıcı Konum Mevcut Konum Raf Yeri Sınıflandırma Kaynağı Edinim Bilgisi Ana Konular Alt Konular Yer Numarası Demirbaş Numarası Fatura Tarihi Geri Çekilme Durumu Kayıp Durumu Hasarlı Durumu Kredi için değil Kayıt Tarih Toplam Ödünçverme Son Görülme Tarihi Son Kontrol Tarihi Genel / Bağış Notu
Book Prof. Dr. Azmi Özcan Kütüphanesi Prof. Dr. Azmi Özcan Kütüphanesi Birûni Salonu Library of Congress Classification Satın TARIM Bitki Kültürü SB416.3 .B55 2014 0046362 02/02/2026         27/10/2014 1 05/12/2024 05/12/2024 Genel Bağış
Book Prof. Dr. Azmi Özcan Kütüphanesi Prof. Dr. Azmi Özcan Kütüphanesi Birûni Salonu Library of Congress Classification Bağış TARIM Bitki Kültürü SB416.3 .B55 2014 0046363 02/02/2026         27/10/2014 1 05/12/2024 05/12/2024 Genel Bağış
Book Prof. Dr. Azmi Özcan Kütüphanesi Prof. Dr. Azmi Özcan Kütüphanesi Birûni Salonu Library of Congress Classification Bağış TARIM Bitki Kültürü SB416.3 .B55 2014 0046364 02/02/2026         27/10/2014 2 05/12/2024 05/12/2024 Genel Bağış
Book Prof. Dr. Azmi Özcan Kütüphanesi Prof. Dr. Azmi Özcan Kütüphanesi Birûni Salonu Library of Congress Classification Bağış TARIM Bitki Kültürü SB416.3 .B55 2014 0046365 02/02/2026         27/10/2014 2 05/12/2024 05/12/2024 Genel Bağış
Book Prof. Dr. Azmi Özcan Kütüphanesi Prof. Dr. Azmi Özcan Kütüphanesi Birûni Salonu Library of Congress Classification Bağış TARIM Bitki Kültürü SB416.3 .B55 2014 0046366 02/02/2026         27/10/2014 3 05/12/2024 05/12/2024 Genel Bağış